000 00329nam a22001337a 4500
008 170828b xxu||||| |||| 00| 0 eng d
020 _a9780312621889
041 _aeng
080 _a070
100 _a39
101 _aMED
245 _aSPEAKE UP AN ILLLUSSTRATED GUIDE TO PUBLIC SPEAKING
_cARKLE.P
942 _2udc
_cBK
999 _c25131
_d25131